Casualty Series 23 Episodes Quiz Stats

 Plays Quiz not verified by Sporcle

Score 0/48 Timer 20:00
0 Plays Today
Episode Number Episode Name % Correct
1Farmead Menace: Part 1
66.7%
2Farmead Menace: Part 2
58.3%
47No Fjords in Finland: Part 1
50%
48No Fjords in Finland: Part 2
50%
32True Lies
25%
33Someone to Watch Over Me
25%
34The Trap
25%
39Who Do You Think You Are?
25%
3Interventions
16.7%
4Guilt Complex
16.7%
5Face Up
16.7%
6Hurt
16.7%
7There and Back Again
16.7%
8The Evil That Men Do
16.7%
9The Line of Fire
16.7%
10Impact
16.7%
11Own Personal Jesus
16.7%
12Reality Bites
16.7%
13A Slip in Time
16.7%
14Happiness
16.7%
15Doing the Right Thing
16.7%
16This Will Be Our Year
16.7%
17Took a Long Time to Come
16.7%
18My Last Day: Part 1
16.7%
Episode Number Episode Name % Correct
19My Last Day: Part 2
16.7%
20Crush
16.7%
21No Going Back
16.7%
22Price of Life
16.7%
23Midday Sun
16.7%
24Watershed
16.7%
25Stand By Me
16.7%
26Blood
16.7%
27Could We Be Heroes?
16.7%
28Before A Fall
16.7%
29Shields
16.7%
30Lie Low
16.7%
31All You Need Is Love
16.7%
35Better Drowned
16.7%
36The Price We Pay
16.7%
37Hostile Takeover
16.7%
38With This Ring
16.7%
40Palimpsest
16.7%
41Fight or Flight
16.7%
42Parent Trap
16.7%
43Not Over til the Fat Lady Sings
16.7%
44Ask Me No Questions
16.7%
45Ashes
16.7%
46Great Expectations
16.7%

You're not logged in!

Compare scores with friends on all Sporcle quizzes.
OR
Log In

Show Comments

Extras

Created Feb 21, 2012ReportNominate
Tags:bbc, casualty, drama, medical

Top Quizzes Today


Score Distribution

Your Account Isn't Verified!

In order to create a playlist on Sporcle, you need to verify the email address you used during registration. Go to your Sporcle Settings to finish the process.

Report this User

Report this user for behavior that violates our Community Guidelines.

Details: